000 01021cam a22002411 4500
001 e 32000273
003 DLC
005 20260227111222.0
008 950905s1932 dcu b f000 0 eng c
010 _ae 32000273
035 _a(OCoLC)33082235
040 _aLibrary, U.S. Office of Education
_cNRU
_dDLC
042 _apremarc
050 0 0 _aZ5811
_b.U42 no. 7
100 1 _aWhitcomb, Emeline Storm.
245 1 0 _aGood references on the home economics curriculum ...
_cCompiled by Emeline S. Whitcomb, senior specialist in home economics and Louise O. Pettit, Office of Education. U.S. Department of the Interior, Ray Lyman Wilbur, secretary. Office of Education, William John Cooper, commissioner.
260 _aWashington,
_bU.S. Govt. Print. Off.,
_c1932.
300 _aii, 8 p.
_c21 x 8 cm.
490 1 _aU.S. Office of Education. Bibliography ;
_vno. 7
650 0 _aHome economics
_vBibliography.
700 1 _aPettit, Louise Octavia.
830 0 _aBibliography (United States. Office of Education) ;
_vno. 7.
999 _c21211
_d21211